01009cam a2200301 a 4500999001500000001000900015003000600024005001700030008004100047010001300088020002200101035001500123040002000138049000900158050002800167050002800195082002200223100002200245245009700267260004700364300002800411504004000439650003100479700003000510700003200540942001200572952012300584 c6730d673038024206OCoLC20190119152542.0971121s1998 inua b 000 0 eng  a97049288 a1570281823 (pbk.) a.b49400770 aDLCcDLCdWaOLN aOSUU00aGV1065.17.T73bW55 199800aGV1065.17.T73bW55 199800a796.42221bW623N1 aWhitsett, David A14aThe non-runner's marathon trainer /cDavid A. Whitsett, Forrest Dolgener, Tanjala Mabon Kole aIndianapolis, IN. :bMasters Press,cc1998 a288 p. :bill. ;c26 cm aIncludes bibliographical references 0aMarathon runningxTraining1 aDolgener, Forrest,d1946-1 aKole, Tanjala Mabon,d1958- 2ddccBK 00102ddc40708NFICaHMCbHMCcGENd2019-01-19g900.00l0o796.42 W623Np007982r2019-01-19 00:00:00w2019-01-19yBK